Voices from the periphery : (Record no. 60147)

MARC details
000 -LEADER
fixed length control field 00953nam a22002417a 4500
005 - DATE AND TIME OF LATEST TRANSACTION
control field 20120103103125.0
008 - FIXED-LENGTH DATA ELEMENTS--GENERAL INFORMATION
fixed length control field 120103t xxu||||| |||| 00| 0 eng d
010 ## - LCCN (DPL NO)
LC control number ENG-104545
020 ## - INTERNATIONAL STANDARD BOOK NUMBER
International Standard Book Number 9780415501774
Terms of availability 795.00
035 ## - SYSTEM CONTROL NUMBER
System control number EN-88078
037 ## - SOURCE OF ACQUISITION
Source of stock number/acquisition DBAD/PUB
040 ## - CATALOGING SOURCE
Original cataloging agency DPL
Language of cataloging Eng
082 ## - DEWEY DECIMAL CLASSIFICATION NUMBER
Classification number 305.420954
245 ## - TITLE STATEMENT
Title Voices from the periphery :
Remainder of title subalternity and empowerment in India /
Statement of responsibility, etc edited by Marine Carrin [and] Lidia Guzy
260 ## - PUBLICATION, DISTRIBUTION, ETC. (IMPRINT)
Place of publication, distribution, etc New Delhi
Name of publisher, distributor, etc Routledge
Date of publication, distribution, etc 2012
270 ## - ADDRESS
Address 912, Tolstoy House, 15-17 Tolstoy Marg, Connaught Place
City New Delhi
Postal code 110001
300 ## - PHYSICAL DESCRIPTION
Extent xx,304p.
Dimensions 23cm (Hb)
500 ## - GENERAL NOTE
General note Includes bibliographical references and index
700 ## - ADDED ENTRY--PERSONAL NAME
Personal name Carrin, Marine
9 (RLIN) 37866
700 ## - ADDED ENTRY--PERSONAL NAME
Personal name Guzy, Lidia
9 (RLIN) 37867
942 ## - ADDED ENTRY ELEMENTS (KOHA)
Source of classification or shelving scheme Dewey Decimal Classification
Item type English Books
Classification part 305.420954
Call number suffix VOI
Holdings
Withdrawn status Lost status Source of classification or shelving scheme Damaged status Not for loan Collection code Home library Current library Date acquired Source of acquisition Cost, normal purchase price Total Checkouts Full call number Barcode Date last seen Copy number Cost, replacement price Koha item type
    Dewey Decimal Classification   Not For Loan Non-fiction D.B.Act.Division D.B.Act.Division 03/01/2012 DBAD/PUB 795.00   305.420954 VOI EN-88078 03/01/2012 1 795.00 English Books

© Delhi Public Library
Hit Counter
free hit counter